Lucretia or The children of night / (Record no. 158309)
[ view plain ]
| 000 -LEADER | |
|---|---|
| campo de control de longitud fija | 00576nam a22001695i 4500 |
| 001 - NÚMERO DE CONTROL | |
| campo de control | 158309 |
| 003 - IDENTIFICADOR DE NÚMERO DE CONTROL | |
| campo de control | ES-MaACL |
| 005 - FECHA Y HORA DE LA ÚLTIMA TRANSACCIÓN | |
| campo de control | 20230906211108.0 |
| 008 - DATOS DE LONGITUD FIJA--INFORMACIÓN GENERAL | |
| campo de control de longitud fija | 040826s1847 fr |||| | fre d |
| 040 ## - FUENTE DE CATALOGACIÓN | |
| Centro catalogador/agencia de origen | CAM |
| Lengua de catalogación | spa |
| Centro/agencia transcriptor | CAM |
| 100 1# - ENTRADA PRINCIPAL--NOMBRE DE PERSONA | |
| Nombre de persona | Lytton, Edward Bulwer Lytton |
| Títulos y otros términos asociados al nombre | Baron. |
| 9 (RLIN) | 74965 |
| 245 10 - MENCIÓN DEL TÍTULO | |
| Título | Lucretia or The children of night / |
| Mención de responsabilidad, etc. | by sir E.L. Bulwer. |
| 260 ## - PUBLICACIÓN, DISTRIBUCIÓN, ETC. | |
| Lugar de publicación, distribución, etc. | Paris : |
| Nombre del editor, distribuidor, etc. | A. and W. Galignani and cº, |
| Fecha de publicación, distribución, etc. | 1847 ( |
| Fabricante | Crapelet) |
| 300 ## - DESCRIPCIÓN FÍSICA | |
| Extensión | VIII, 365 p. ; |
| Dimensiones | 22 cm. |
| 740 41 - ENTRADA AGREGADA--TÍTULO RELACIONADO/ANALÍTICO NO CONTROLADO | |
| Título relacionado o analítico no controlado | The children of night. |
| 852 ## - LOCALIZACIÓN | |
| Ubicación | ES-MaACL |
| Número de control de estantería | G-5892 |
| Nota libre | -- Enc. hol. |
| -- | -- Legado M. de la Fuente |
| Estatus retirado | Estado de pérdida | Estado de daño | No para préstamo | Colección | Biblioteca de origen | Biblioteca actual | Ubicación en estantería | Fecha de adquisición | Fuente de adquisición | Total de préstamos | Signatura topográfica completa | Código de barras | Visto por última vez | Precio de reemplazo | Tipo de ítem Koha |
|---|---|---|---|---|---|---|---|---|---|---|---|---|---|---|---|
| Libros del s. XIX | Biblioteca del Ateneo de Madrid | Biblioteca del Ateneo de Madrid | Depósito 2 | 17/01/2008 | G-5892 | 1165689 | 23/02/2023 | 23/02/2023 | Libro impreso antiguo |
